| 000 | 00916nam a2200241Ia 4500 | ||
|---|---|---|---|
| 003 | IN-BaIIA | ||
| 008 | 211028s9999 xx 000 0 eng d | ||
| 020 | _a1-58381-151-6 | ||
| 040 | _cIIA Library | ||
| 080 |
_a082.2:52 _bASP-302 |
||
| 111 |
_aMeeting on Radio Pulsars _cGreece _d2002 Aug. 26-29 _929249 |
||
| 245 | 0 |
_aRadio pulsars _bproceedings of a meeting held in Crete, Greece, 26-29 Aug 2002 _cedited by Mathew Bailes, D. J. Nice and S. E. Thorsett |
|
| 260 |
_aSan Francisco _bAstronomical Society of the Pacific _c2003 |
||
| 300 | _axiii, 404p. | ||
| 490 | _aASP conference series; v. 302 | ||
| 650 |
_aPulsars _97214 |
||
| 650 |
_aRadio astronomy _92849 |
||
| 700 |
_aBailes, Mathew, ed. _929250 |
||
| 700 |
_aNice, D. J., ed. _929251 |
||
| 700 |
_aThorsett, S. E., ed. _918732 |
||
| 710 |
_aAstronomical Society of the Pacific _91154 |
||
| 942 | _cBK | ||
| 999 |
_c15875 _d15875 |
||